'XYZ' Celebrity Images Quiz Stats

 Plays Quiz Updated Dec 5, 2013

Support Sporcle.
Go Orange.
Score 0/20 Timer 05:00
2 Plays Today
% Correct
'Weird Al' Yankovic
81.3%
Catherine Zeta-Jones
78.8%
Mark Zuckerberg
78.1%
Yao Ming
66.4%
Renée Zellweger
63.5%
Frank Zappa
53.4%
Steve Young
51.4%
Billy Zane
47%
Kristi Yamaguchi
45.6%
Zinedine Zidane
40.5%
% Correct
Trisha Yearwood
37.5%
Carl Yastrzemski
35.1%
Steve Zahn
31.1%
Tina Yothers
29.1%
Ian Ziering
24%
Michael York
21.6%
Rob Zombie
19.2%
Pia Zadora
18.9%
Daphne Zuniga
15.5%
Warren Zevon
15.4%

You're not logged in!

Compare scores with friends on all Sporcle quizzes.
OR
Log In
Forgot?

From the Vault

American History: 1970s

by GeorgiaPeach

History 5m
The '70s were all about bell bottoms, disco, and Sonny and Cher. Somehow, none of these things are answers in this quiz.
Remove Ads.
Support Sporcle.
Get the best of Sporcle when you Go Orange. This ad-free experience offers more features, more stats, and more fun while also helping to support Sporcle. Thank you for becoming a member.

Show Comments

Extras

Top Quizzes Today


Score Distribution

Your Account Isn't Verified!

In order to create a playlist on Sporcle, you need to verify the email address you used during registration. Go to your Sporcle Settings to finish the process.

Report this User

Report this user for behavior that violates our Community Guidelines.

Details: